Loading...
Fine Arts - Auditory Fine Arts | 0 | 4 | 0 | 1 | 40 | 117 | 126.75 | 0 | 3 |
Beliefs | 1 | 2 | 0 | 0 | 35 | 66 | 83.00 | 1 | 2 |
Fine Arts - Visual Fine Arts | 0 | 2 | 0 | 2 | 20 | 137 | 140.00 | 0 | 1 |
History - European History | 1 | 0 | 0 | 0 | 15 | 36 | 36.00 | 0 | 1 |
Current Events | 1 | 0 | 0 | 0 | 15 | 56 | 56.00 | 0 | 1 |
Science - Physics | 0 | 1 | 0 | 0 | 10 | 74 | 74.00 | 0 | 1 |
History - American History | 1 | 0 | 1 | 0 | 10 | 50 | 50.00 | 0 | 1 |
History - World History | 0 | 1 | 0 | 1 | 10 | 140 | 140.00 | 0 | 1 |
Other Science: Earth Science | 0 | 1 | 0 | 0 | 10 | 143 | 143.00 | 0 | 0 |
Philosophy | 0 | 1 | 0 | 0 | 10 | 116 | 116.00 | 0 | 0 |
Literature - American Literature | 0 | 0 | 0 | 0 | 0 | 0.00 | 0 | 0 | |
Other Arts: Auditory | 0 | 0 | 1 | 0 | -5 | 0.00 | 0 | 0 |